00852nam a2200229 a 450000100100000000500170001000800410002702000150006804000250008304100180010810000290012624501010015526000720025630000240032849000470035254600570039950000320045650500170048870000300050571000400053583000470057500004198020201002035850.0131028s1989 sp 001 0 spa d a8400070151 aDO-SdBNPbspacBNPHU17aspabenghfre1 aRomero Martín, Tomás10aFlora de la cuenca del río Duratón :b /cTomás Romero Martín, Enrique Rico Hernández. aMadrid :bConsejo Superior de Investigaciones Científicas,c1989. av. :bil. ;c24 cm.1 aMonografías del Real Jardín Botánico atextos en inglés, Francé , Portugues y español aLa biblioteca posee el v. 82 av. 8tRuizia1 aRico Hernández, Enrique2 aReal Jardín Botánico (España) 0aMonografías del Real Jardín Botánico